000 04660cam a22008177i 4500
001 21395521
005 20260421145647.0
008 200122s2020 enka b 001 0 eng d
035 _a21395521
906 _a7
_bcbc
_ccopycat
_d3
_encip
_f20
_gy-gencatlg
925 0 _aacquire
_b1 shelf copy
_xpolicy default
010 _a 2020931518
015 _aGBC050764
_2bnb
016 7 _a019765286
_2Uk
020 _a9780500023471
_q(paperback)
020 _a0500023476
_q(paperback)
035 _a(OCoLC)1140781369
040 _aYDX
_beng
_erda
_cYDX
_dBDX
_dOCLCQ
_dUKMGB
_dOCLCO
_dOCLCF
_dYDXIT
_dOCLCO
_dTOH
_dRB0
_dOCL
_dUAP
_dTCJ
_dCIA
_dCDC
_dNLSHB
_dYBM
_dOCLCO
_dBO@
_dOCLCO
_dLE#
_dOCL
_dCNGUL
_dEAU
_dDLC
042 _alccopycat
050 0 0 _aNK1390
_b.B733 2020
082 0 4 _a745.2
_223
082 0 4 _a745.409045
_223
084 _aTB47-09
_2clc
100 1 _aBradbury, Dominic,
_eauthor.
_915604
245 1 0 _aMid-century modern design :
_ba complete sourcebook /
_cDominic Bradbury.
250 _aCompact paperback edition.
264 1 _aLondon ;
_aNew York, New York :
_bThames & Hudson,
_c[2020]
300 _a544 pages :
_bchiefly color illustrations ;
_c27 cm
336 _atext
_btxt
_2rdacontent
336 _astill image
_bsti
_2rdacontent
337 _aunmediated
_bn
_2rdamedia
338 _avolume
_bnc
_2rdacarrier
500 _a"With over 1,000 illustrations."
500 _aFirst published as Mid-century modern complete in 2014.
504 _aIncludes bibliographical references (pages 537-538) and index.
520 _aEssential reading for all collectors and design aficionados, this book is the ultimate survey of mid- century modern design and architecture now available in a sleek, compact form. A definitive survey of mid-century modern design and architecture in an accessible compact edition, this book offers a rich overview of one of the most popular, collectable, and dynamic periods of design. With rich and diverse examples of everything from furniture and lighting to ceramics and textiles to graphics and posters to interior design and architecture, this sleek compendium of mid-century style includes over 1,000 illustrations representing classic designs and little-seen rarities, as well as entries on nearly 100 major creators, such as Dieter Rams, Robin Day, Isamu Noguchi, Lucie Rie, Charles and Ray Eames, Alvar Aalto, and Oscar Niemeyer. An additional illustrated dictionary features hundreds more influential mid-century designers, manufacturers, organizations, schools, and movements.
648 7 _a1900-1999
_2fast
_99118
650 0 _aDesign
_xHistory
_y20th century.
_915605
650 0 _aIndustrial design
_xHistory
_y20th century.
_915606
650 0 _aFurniture design
_xHistory
_y20th century.
_915607
650 0 _aArchitecture, Modern
_y20th century.
_912936
650 0 _aMidcentury modern (Architecture)
_915608
650 0 _aInterior decoration
_xHistory
_y20th century.
_915609
650 6 _aDesign
_xHistoire
_y20e siècle.
_915610
650 6 _aMeubles
_xDesign
_xHistoire
_y20e siècle.
_915611
650 6 _aArchitecture
_y20e siècle.
_915612
650 6 _aModernisme du milieu du siècle (Architecture)
_915613
650 6 _aDécoration intérieure
_xHistoire
_y20e siècle.
_915614
650 7 _aMid-Century Modernist.
_2aat
_915615
650 7 _aDesign
_xHistory
_z20th century.
_2cct
_915616
650 7 _aIndustrial design
_xHistory
_z20th century.
_2cct
_915617
650 7 _aFurniture design
_xHistory
_z20th century.
_2cct
_915618
650 7 _aArchitecture, Modern
_z20th century.
_2cct
_915619
650 7 _aMidcentury modern (Architecture)
_2cct
_915608
650 7 _aInterior decoration
_xHistory
_z20th century.
_2cct
_915620
650 7 _aArt and Design.
_2eflch
_913118
650 7 _aIndustrial design.
_2fast
_0(OCoLC)fst01730190
_915186
650 7 _aFurniture design.
_2fast
_0(OCoLC)fst00936534
_915386
650 7 _aArchitecture, Modern.
_2fast
_0(OCoLC)fst00813842
_912937
650 7 _aDesign.
_2fast
_0(OCoLC)fst00891253
_94788
650 7 _aInterior decoration.
_2fast
_0(OCoLC)fst00976327
650 7 _aMidcentury modern (Architecture)
_2fast
_0(OCoLC)fst01920617
_915608
650 7 _aIndustriële vormgeving.
_2nbdbt
_915621
650 7 _aGeschiedenis.
_2nbdbt
_915622
650 7 _aArt and Design.
_2ukslc
_913118
655 7 _aIllustrated works.
_2fast
_0(OCoLC)fst01423873
_912149
655 7 _aHistory.
_2fast
_0(OCoLC)fst01411628
_97569
655 7 _aIllustrated works.
_2lcgft
_912149
999 f f _id614331e-071a-5a41-a7a0-6fd34557f1cf
_s80a68362-69a2-4427-9703-f2173cf4610b
_c5780
_d5780